| 000 | 00525nam a2200169Ia 4500 | ||
|---|---|---|---|
| 005 | 20250423101542.0 | ||
| 008 | 250422s9999 xx 000 0 und d | ||
| 020 | _a9780821335994 | ||
| 050 | _aHC 800.Z9 .E588/ | ||
| 245 | 0 | _aToward environmentally sustainable development in Sub-Saharan African: a world bank agenda | |
| 260 | _aWashing D.C. | ||
| 260 | _bThe World Bank | ||
| 260 | _c1996 | ||
| 300 | _a140 p | ||
| 650 | _a World Bank--Africa, Sub-Saharan. Sustainable development--Africa, Sub-Saharan. | ||
| 942 | _cBK | ||
| 999 |
_c36619 _d36619 |
||